| 000 | 01861nam2a2200349 4500 | ||
|---|---|---|---|
| 001 | RU\NLR\bibl\1973823 | ||
| 005 | 20250616210251.0 | ||
| 010 |
_a978-5-87693-436-9 _bч. 3 _9500 |
||
| 021 |
_aRU _b2012-87676 _96487 |
||
| 035 | _a(NLR Aleph) 001962627 | ||
| 090 |
_a3846378 _c3846377 |
||
| 100 | _a20121130d2011 |||y0rusy50 ca | ||
| 101 | 0 | _arus | |
| 102 | _aRU | ||
| 105 | _aa ||||||||| | ||
| 200 | 1 |
_aКолебания и волны. Волновая оптика _fА.Н. Тюшев, Л.Д. Дикусар |
|
| 210 |
_d2011 _aБ. м. |
||
| 215 |
_a193 с. _cил. |
||
| 461 | 0 |
_1001RU\NLR\bibl\1932756 _12001#$aКурс лекций по физике$vЧ. 3 _93320278 _aТюшев, А. Н. _cНовосибирск _d2011 _e[2-е изд., испр. и доп.] _fА.Н. Тюшев, А.Н. Лузин _nСГГА _oучебное пособие для студентов технических специальностей и направлений : [в 5 ч.] _tКурс лекций по физике _y9785876934277 _vЧ. 3 |
|
| 517 | 0 | _aВолновая оптика | |
| 606 | 1 |
_aКолебания _jУчебные издания для высших учебных заведений _9891984 _3RU\NLR\auth\662456 |
|
| 606 | 1 |
_aВолны _jУчебные издания для высших учебных заведений _9941184 _3RU\NLR\auth\6629617 |
|
| 606 | 1 |
_aВолновая оптика _jУчебные издания для высших учебных заведений _91306464 _3RU\NLR\auth\66224542 |
|
| 686 | _aВ236.35я73-2 | ||
| 686 | _aВ343я73-2 | ||
| 701 | 1 |
_aТюшев _bА. Н. _gАлександр Николаевич _4070 |
|
| 701 | 1 |
_aДикусар _bЛ. Д. _gЛюдмила Дмитриевна _4070 |
|
| 801 | 0 |
_aRU _bNLR _c20121130 _gRCR |
|
| 801 | 1 |
_aRU _bNLR _c20121130 |
|
| 942 | _cBOOK | ||
| 980 | _aNB | ||